Responses for Show #9022 - Tuesday, January 23, 2024

2024 Champions Wildcard Group 1 quarterfinal game 6.

Contestants

[<< previous game]

Xanni Brown, a postdoctoral researcher originally from Cincinnati, Ohio

Lynn Di Vito, a retired museum educator from Colorado Springs, Colorado

Robbi Ramirez, a writer from Orlando, Florida

[next game >>]

Jeopardy! Round responses

YOUNG PEOPLE'S NONFICTION
CONSTELLATIONS
SQUEAKER OF THE HOUSE
A "FAST" CATEGORY
THESE STARS SOUND LIKE CARS
3-LETTER, 3-LETTER
    $200 30
Sacagawea

Robbi
    $200 29
Pegasus

Robbi
    $200 16
door

Xanni
    $200 26
fastballs

Lynn
    $200 27
Harrison Ford

Robbi
    $200 24
get set

Xanni
    $400 25
Cape Cod

Lynn
    $400 28
Leo

Xanni
    $400 17
dog toys

Robbi
    $400 22
Fast Company

Robbi
    $400 23
Chevy Chase

Xanni
    $400 1
the big top

Xanni
    $600 7
the Hitler Youth

Triple Stumper
    $600 8
scales

Lynn
    $600 18
mousetraps

Xanni
    $600 12
(Ken: Superman, yeah.)

faster than a speeding bullet

Xanni
    $600 10
Andrew Lincoln

Robbi
    $600 4
red hot

Xanni
    $800 5
Throw Like a Girl

Triple Stumper
    $800 2
Canis Minor

Xanni
    $800 20
cheese curds

Xanni
    $800 15
Fast Food Nation

Lynn
    $800 9
Portia de Rossi

Robbi
    $3,400 13
jet lag

Xanni
    $1000 6
sweetgrass

Xanni
    $1000 3
"Southern Cross"

Lynn
    $1000 21
a carbon monoxide detector

Robbi
    $1000 19
the Steadfast

Xanni
    $1000 11
Mercedes

Lynn
    $1000 14
a bon mot

Xanni

Scores at the first commercial break (after clue 15):

Robbi Lynn Xanni
$1,400 $3,400 $7,800

Scores at the end of the Jeopardy! Round:

Robbi Lynn Xanni
$3,800 $4,000 $11,400

Double Jeopardy! Round responses

U.S. CITIES
GREEK CUISINE
POETS & POETRY
GO IVth & RULE
MOVIES IN REWIND
RHYMING VERB PAIRS
    $400 23
Detroit

Lynn
    $400 29
sesame seeds

Xanni
    $400 8
(Ken: [*], as Alex would say.)
(Lynn: Yep.)

(Rabbie) Burns

Lynn
    $400 30
King George IV

Xanni
    $400 7
Titanic

Robbi
    $400 28
align & malign

Lynn
    $800 19
(Ken: In South Carolina, right.)

Columbia

Xanni
    $800 27
phyllo

Robbi
    $800 13
a Grecian Urn

Robbi
    $800 24
Flanders

Triple Stumper
    $800 6
Argo

Robbi
    $5,800 17
(Ken: Robbi?)
(Robbi: What is to repeal--)

abolish & polish

Robbi
    $1200 11
(Xanni: Who is John Glenn?)

Armstrong

RobbiXanni
    $1200 25
tzatziki

Xanni
    $1200 12
Adam had 'em

Triple Stumper
    $1200 22
(Xanni: What's Libya?)

Ethiopia

LynnXanni
    $1200 2
Godzilla

Xanni
    $1200 4
to defuse & refuse

Robbi
    $1600 3
(Xanni: What is... Miami?)

Fort Lauderdale

LynnXanni
    $1600 18
spanakopita

Xanni
    $1600 14
a tall ship

Robbi
    $1600 21
the Thirty Years' War

Triple Stumper
    $1600 1
(Ken: Backwards, yes.)

The Shawshank Redemption

Robbi
    $1600 9
(Robbi: What is to sow or blow?)

to lather & gather

RobbiXanni
    $2000 10
(Xanni: Uh, what is... Reno?)

Laughlin

Xanni
Triple Stumper
    $2000 20
(Lynn: What is kebob?)

souvlaki

RobbiLynn
    $2000 15
the Lotus Eaters

Robbi
    $3,000 26
(Xanni: What is... Catalonia?)

Aragon

Xanni
    $2000 5
(Ken: Yeah, a happier version of [*].)

Gladiator

Robbi
    $2000 16
generate & venerate

Robbi

Scores at the end of the Double Jeopardy! Round:

Robbi Lynn Xanni
$12,800 $6,000 $9,600

[wagering suggestions for these scores]

Final Jeopardy! Round responses

U.S. BUSINESS FOUNDERS
(Ken: [To Lynn] Yes, the founder of that outdoor clothing company.)
...
(Ken: [To Xanni] Oooh, wrong outdoor-wear manufacturer, Eddie Bauer.)
LynnWho is L. L. Bean?
$2,700
XanniWho is Eddie Bauer?
$3,200
RobbiWho is LL Bean
$6,600
L.L. Bean

Final scores:

Robbi Lynn Xanni
$19,400 $8,700 $6,400
Winner: semifinalist 2nd place: $5,000 3rd place: $5,000

Game dynamics:

Coryat scores:

Robbi Lynn Xanni
$18,600 $6,000 $10,000
20 R,
2 W
(including 1 DD)
11 R,
1 W
21 R
(including 1 DD),
5 W
(including 1 DD)

Combined Coryat: $34,600

[game clues] [game scores] [suggest correction]

Game tape date: 2024-01-04
The J! Archive is created by fans, for fans. Scraping, republication, monetization, and malicious use prohibited; this site may use cookies and collect identifying information. See terms. The Jeopardy! game show and all elements thereof, including but not limited to copyright and trademark thereto, are the property of Jeopardy Productions, Inc. and are protected under law. This website is not affiliated with, sponsored by, or operated by Jeopardy Productions, Inc. Join the discussion at JBoard.tv.